Statistiques concernant Dessins animés toutes générations confondues

Cliquez ici pour prendre le quiz!

Statistiques générales

  • Ce quiz a été pris 6 587 fois
    (6 523 depuis la dernière actualisation)
  • Le résultat moyen est 29 sur 55

Statistiques - réponses

Années de diffusionIndicesRéponse% Correct
1983-1986C'est l'histoire d'un jeune garçon rêvant de devenir le meilleur footballer du mondeOlive et Tom
98%
1940- aujourd'huiAventures délirantes d'un chat et d'une souris tantôt amis tantôt ennemisTom et Jerry
95%
1999- aujourd'huiIl vit dans un ananas dans la merBob l'éponge
89%
2001-2016Ses expressions préférées sont "Tchô" ou "C'est pô juste"Titeuf
88%
1998- aujourd'huiSérie relatant les aventures d'un chat harcelé par un trio de cafardsOggy et les cafards
86%
2001-2013Sam, Clover et AlexTotally Spies
85%
2003Les protagonistes se prénomment Ramzo et RapidoLes Ratz
80%
1969- Aujourd'huiOn va résoudre ce mystèreScooby-Doo
78%
1982-1986Affronte les villains à l'aide de ses gadgetsInspecteur Gadget
77%
1942-2000Aventures d'un chat tentant sans cesse d'attraper un petit canari jaune sans grand succès...Titi et Grosminet
77%
2005-2008Garçon de 10 ans indissociable de sa montre magiqueBen 10
76%
1989-2000Roi éléphantBabar
74%
1993-2002Il nous raconte des histoiresPère Castor
74%
2005-2011Bande de copains organisant des tournois de sport dans les rues de leur villeFoot 2 Rue
73%
2000-2019"Yes we did it"Dora l'exploratrice
70%
1985-1988Ces oursons vivent dans les nuages et se déplacent sur des arc-en-cielLes Bisounours
70%
1982-1983Mendoza, Esteban, Zia et TaoLes mystérieuses cités d'or
69%
1997-2006Coincés sur la Terre, ces extraterrestres vivent dans le grenier d'une maisonLes zinzins de l'espace
69%
1996- aujourd'huiLeurs ennemis sont de retour pour leur jouer des toursPokemon
69%
2010- aujourd'huiPrisonniers d'un pénitencier dans le désert du Névada cherchant à s'en échapper sans grand succès...Les Dalton
68%
1980_____ c'est l'AmériqueTom Sawyer
68%
1974-1977Hulaup BarbatrucBarbapapa
66%
1998-2006"C'est l'heure du duel" phrase préférée de Yugi MoutoYu Gi Oh
66%
1998-2003Il sait lasser ses chaussures et compter deux par deuxFranklin
64%
1993- aujourd'huiForce de 5 couleursPower Rangers
62%
2003Tous les matins ce jeune garçon se demande ce que lui réserve sa journéeMartin Matin
60%
2007-2015"Il y a presque 3 mois de vacances d'été avant que l'école ne recommence, alors notre problème est de nous amuser pendant ces très longues vacances"Phinéas et Ferb
54%
1974-1975C'est vraiment trop injusteCalimero
53%
2003-2007Groupe de 4 ado combattants des monstres virtuelsCode Lyoko
53%
2001-2017Timmy Turner et ses parrains Cosmo et WandaMes parrains sont magiques
53%
2008-2019« Mini-problèmes maxi-pouvoirs, chacun sera le héros d'un jour »Les Minijusticiers
50%
2003-2006Ado agent spécial dans une organisation secrète spécialisée dans les phénomènes paranormauxMartin Mystère
49%
1962-1973Nicolas, PimprennelleBonne nuit les petits
47%
2015- aujourd'huiSe transforment grâce à Tikki et BlagMiraculous
43%
1984-1985Jeune fille tombant amoureuse en jouant au volley-ballJeanne et Serge
41%
1976-1979Dans son pays on s'amuse, on pleure, on rit; il y a des méchants et des gentilsCandy
40%
2004- aujourd'huiSi tu le veux, demain tu peux être avec ellesWinx Club
38%
2002-2006"Cerveau en éruption"Jimmy Neutron
36%
1991-2004Bande de bébés qui explorent le monde et vivent des aventuresLes Razmoket
33%
2000-2012Animal imaginaire doté d'une force herculéenne et d'une très longue queueLe Marsupilami
31%
1988-1989Bande d'adolescents découvrant un oeuf de dinosaureDenver, le dernier dinosaure
30%
2008-2015Série suivant les aventures de 4 animaux: Commandant, Kowalski, Rico et SoldatLes pingouins de Madagascar
29%
2013- aujourd'huiAnimaux stupides inspirés des jeux vidéos homonymesLes Lapins Crétins
28%
1980_____ du fond de la nuit d'or ________ de bâbord à tribordAlbator
27%
2008-2015Aventures mouvementées du plus célèbre chat paresseuxGarfield et Cie
27%
1998-1999Jeune fille ne faisant que des bêtisesLes malheurs de Sophie
27%
2008Groupe de 5 personnes: Jo, Allie, Max, Dylan et DagobertLe Club des 5
23%
1997-2001Aventures quotidiennes d'un groupe de 6 enfants dans leur école primaireLa cour de récré
20%
1979-1980Fille élevée comme un garçon devenant capitaine de la Garde Royale pendant la Révolution FrançaiseLady Oscar
16%
1991-1997Elle doit défendre notre Terre contre les méchants de l'universSailor Moon
12%
2010- aujourd'huiJeune garçon accompagné de ses amis l'aidant à faire de leur quotidien une partie de plaisirAngelo la Débrouille
11%
2000-2004Aventures de 5 jeunes filles apprenties sorcières et employées d'une boutique de magieMagical Do Re Mi
11%
1999-2000Petit chevalier qui parcourt le monde en compagnie de Grosbec son fidèle cuisinier et de Picanier, le fou du roiPépin Troispommes
10%
2002-2005Petits héros grandissant sous l'oeil de MéméBaby Looney Tunes
9%
1979-19825 jeunes protègent la Terre de la planète SpectraLa Bataille des planètes
8%

Distribution des résultats

Percentile par nombre de réponses

% des personnes avec chaque résultat

Votre développement - résultats

Vous n’avez pas pris ce quiz depuis la dernière actualisation